00425nam a2200121Ia 4500008004100000024004700041082001800088100005900106245005400165260002500219600002100244650003800265250506s9999 xx 000 0 und d a99B-011-BS3, 99B-051-BS3 & 99B-007-BS3 a004.69072 MOH aArif Yaqoob , Kamran Haider Wasti & Muhammad Ali Uddin 0aImplement Virtual ISP, Billing Software & Website aKarachi:bUIT,c1999 aComputer Science aBachelor of Computer Science (BS)